000 01149cam a22003377a 4500
003 CHAP
005 20220817043733.0
008 001205d1993 it a rn 00110 spa d
010 _a83076
011 _a84048
035 _a94567
040 _cCHAP
082 0 4 _a632.693233
_bF37
110 2 _aFAO
245 1 0 _aRoedores plaga :
_bun problema permanente en América Latina y El Caribe : primera consulta latinoamericana sobre biología y control de roedores plaga
_c/por Jaime A. Rodríguez M.
260 _a[s.l.] :
_bFAO,
_c1993.
300 _a130 p. :
_bilus.
590 _aBATCH-UPD
_b10
_c20130110
_lUCH01
_h0820
590 _aBATCH-UPD
_b10
_c20130410
_lUCH01
_h0457
590 _aBATCH-UPD
_b10
_c20130914
_lUCH01
_h0026
590 _aCONVERSION
_b10
_c20130109
_lUCH01
_h1346
650 1 4 _aAgricultura
_xPlagas.
_91764
650 1 4 _aControl de plagas.
_927595
650 1 4 _aRoedores.
_999027
650 1 4 _aRoedores
_xExterminio.
_999029
700 0 _aRodríguez M., Jaime A.
_998659
901 _aBK
905 _aPatricia Mendoza P.
942 _cLIBRO
949 _a632.693233 F37
_bBC
_cFAO
_d33724000787719
_eFAO1
_h98669
_i94567
_kDonaciØn
_si
999 _c83076
_d83076